000 00535nam a2200193Ia 4500
003 GCL
008 140319s9999 xx 000 0 ara d
040 _aGCL /
_cGCL
082 0 4 _a811.9
_bا ع
100 1 _aاحمد فؤاد نجم
245 1 0 _aالعنبرة /
_cاحمد فؤاد نجم
260 _aالقاهرة :
_bمكتبة مدبولى ،
_c1982
300 _a218 ص
490 _a
650 0 4 _aالشعر العربى
650 0 4 _aالادب العربى
650 0 4 _aالعصر الحديث
942 _2ddc
_cBK
999 _c30186
_d30186